Questions sur les drapeaux? - Statistiques

Statistiques générales
  • Ce quiz a été pris 159 fois
  • Le résultat moyen est 31 sur 33
Statistiques - réponses
Question Tuile Select % Correct
Quelle est le drapeau de la France ? Non
99%
Quelle est le drapeau de la France ? Oui
99%
Quelle est le drapeau de la France ? Non
99%
Quelle est le drapeau du Maroc ? Non
98%
Quelle est le drapeau de l'Australie ? Non
98%
Quelle est le drapeau de l'Europe ? Oui
97%
Quelle est le drapeau de l'Europe ? Non
97%
Quelle est le drapeau de l'Europe ? Non
97%
Quelle est le drapeau du Maroc ? Oui
96%
Quelle est le drapeau de l'Australie ? Non
96%
Quelle est le drapeau de l'Australie ? Oui
96%
Quelle est le drapeau de la Géorgie ? Non
96%
Quelle est le drapeau de l'Italie ? Non
96%
Quelle est le drapeau de l'Italie ? Oui
96%
Quelle est le drapeau de l'Italie ? Non
96%
Quelle est le drapeau de la Belgique ? Non
96%
Quelle est le drapeau d'Andorre? Non
96%
Quelle est le drapeau d'Andorre? Non
96%
Quelle est le drapeau de la Géorgie ? Non
95%
Quelle est le drapeau de la Belgique ? Oui
95%
Quelle est le drapeau d'Andorre? Non
95%
Quelle est le drapeau du Maroc ? Non
94%
Quelle est le drapeau de la Géorgie ? Oui
94%
Quelle est le drapeau de Monaco ? Non
94%
Quelle est le drapeau de la Belgique ? Non
94%
Quelle est le drapeau d'Andorre? Non
93%
Quelle est le drapeau d'Andorre? Non
93%
Quelle est le drapeau de la Finlande ? Non
92%
Quelle est le drapeau de la Finlande ? Non
92%
Quelle est le drapeau d'Andorre? Oui
90%
Quelle est le drapeau de la Finlande ? Oui
88%
Quelle est le drapeau de Monaco ? Oui
69%
Quelle est le drapeau de Monaco ? Non
64%
Aucun quiz correspondant
Distribution des résultats
% des personnes avec chaque résultat
Percentile par nombre de réponses
Votre historique - résultats
Vous n’avez pas pris ce quiz